000 00263nam a2200097 a 4500
005 20201002033814.0
008 130729s1967 000 spa d
245 0 _aLegislación atinente a menores en las Américas.
260 _aMontevideo,
_c1967.
999 _c39403
_d39403
040 _aDO-SdBNP